| 000 | 00547nam a22001937a 4500 | ||
|---|---|---|---|
| 003 | OSt | ||
| 005 | 20161021143134.0 | ||
| 008 | 161021b xxu||||| |||| 00| 0 eng d | ||
| 020 | _a0471999040 | ||
| 040 | _cDDC. | ||
| 082 | _a541.1224HIN 1999. | ||
| 100 |
_aHincliffe,allan; _911233 |
||
| 245 | _aChemical Modelling from Atoms to Liquids. | ||
| 260 |
_aChister; _aNew York; _bJohn Wiley &Sons,Ltd. _c1999. |
||
| 300 |
_axi,395p; _bill; _c25cm. |
||
| 504 | _areferences and index are included. | ||
| 650 |
_aChemistry. _9797 |
||
| 942 |
_2ddc _cO_SHELF |
||
| 999 |
_c5372 _d5372 |
||